<?xml version="1.0" encoding="UTF-8"?>
<record
    xmlns:xsi="http://www.w3.org/2001/XMLSchema-instance"
    xsi:schemaLocation="http://www.loc.gov/MARC21/slim http://www.loc.gov/standards/marcxml/schema/MARC21slim.xsd"
    xmlns="http://www.loc.gov/MARC21/slim">

  <leader>01882    a2200253   4500</leader>
  <controlfield tag="001">63522</controlfield>
  <controlfield tag="005">20260407155933.0</controlfield>
  <controlfield tag="008">260407a2017    arg                 spa d</controlfield>
  <controlfield tag="003">AR-UNSa-BCEJYS</controlfield>
  <datafield tag="040" ind1=" " ind2=" ">
    <subfield code="a">AR-UNSa-BCEJYS</subfield>
    <subfield code="b">spa</subfield>
    <subfield code="c">AR-UNSa-BCEJYS</subfield>
  </datafield>
  <datafield tag="080" ind1=" " ind2=" ">
    <subfield code="a">330</subfield>
    <subfield code="x">Econom&#xED;a en general</subfield>
  </datafield>
  <datafield tag="245" ind1="1" ind2="0">
    <subfield code="a">Econom&#xED;a</subfield>
    <subfield code="p">El primer curso inspirado en el mundo real</subfield>
  </datafield>
  <datafield tag="020" ind1=" " ind2=" ">
    <subfield code="a">978-84-944880-3-0</subfield>
  </datafield>
  <datafield tag="264" ind1=" " ind2="1">
    <subfield code="a">Barcelona :</subfield>
    <subfield code="b">Antoni Bosch</subfield>
    <subfield code="c">2017</subfield>
  </datafield>
  <datafield tag="300" ind1=" " ind2=" ">
    <subfield code="a">xxxvi, 794 p.</subfield>
    <subfield code="c">28 cm.</subfield>
  </datafield>
  <datafield tag="505" ind1=" " ind2=" ">
    <subfield code="a">1. Principios y pr&#xE1;ctica de la econom&#xED;a - 2. M&#xE9;todos econ&#xF3;micos y cuestiones de (...) - 3. Optimizaci&#xF3;n: escoger lo mejor - 4. Demanda, oferta y equilibrio - 5. Consumidores e incentivos - 6. Vendedores e incentivos - 7: la competencia perfecta y la mano (...) - 8: El comercio - 9: Externalidades y bienes p&#xFA;blicos - 10. El estado en la econom&#xED;a: impuestos y (...) - 11. Mercados de factores de producci&#xF3;n - 12. Monopolios - 13. Teor&#xED;a de juegos y c&#xF3;mo jugar estrat&#xE9;gicamente - 14. Oligopolio y competencia monopol&#xED;stica - 15. Dilemas relacionados con el tiempo y el riesgo - 16. La econom&#xED;a de la informaci&#xF3;n - 17. Subastas y negociaciones - 18. Econom&#xED;a social - 19. La riqueza de las naciones: los agregados macroecon&#xF3;micos - 20. Rentas agregadas - 21. Crecimiento econ&#xF3;mico - 22. &#xBF;Por qu&#xE9; el desarrollo no es igual en todo el mundo? - 23. Empleo y desempleo - 24. Mercados crediticios - 25. El sistema monetario - 26. Fluctuaciones a corto plazo - 27. Pol&#xED;tica macroecon&#xF3;mica antic&#xED;clica - 28. Macroeconom&#xED;a y comercio internacional - 29. Macroeconom&#xED;a de una econom&#xED;a abierta - 
</subfield>
  </datafield>
  <datafield tag="041" ind1=" " ind2=" ">
    <subfield code="a">spa</subfield>
  </datafield>
  <datafield tag="942" ind1=" " ind2=" ">
    <subfield code="c">BK</subfield>
  </datafield>
  <datafield tag="590" ind1=" " ind2=" ">
    <subfield code="a">niveau_biblio:m niveau_hierar:0</subfield>
  </datafield>
  <datafield tag="100" ind1="1" ind2=" ">
    <subfield code="a">Acemoglu, Daron</subfield>
  </datafield>
  <datafield tag="700" ind1="1" ind2=" ">
    <subfield code="a">Laibson, David</subfield>
  </datafield>
  <datafield tag="700" ind1="1" ind2=" ">
    <subfield code="a">List, John A.</subfield>
  </datafield>
  <datafield tag="856" ind1="4" ind2="1">
    <subfield code="u">http://www.biblioeco.unsa.edu.ar/pmb/images/libros/L129402.jpg</subfield>
    <subfield code="y">Imagen de portada</subfield>
    <subfield code="q">image/jpeg</subfield>
  </datafield>
  <datafield tag="999" ind1=" " ind2=" ">
    <subfield code="c">8207</subfield>
    <subfield code="d">8207</subfield>
  </datafield>
  <datafield tag="952" ind1=" " ind2=" ">
    <subfield code="0">0</subfield>
    <subfield code="1">0</subfield>
    <subfield code="4">0</subfield>
    <subfield code="7">0</subfield>
    <subfield code="a">BCEJYS</subfield>
    <subfield code="b">BCEJYS</subfield>
    <subfield code="c">16</subfield>
    <subfield code="d">2026-04-07</subfield>
    <subfield code="l">0</subfield>
    <subfield code="o">330 A173</subfield>
    <subfield code="p">L129402</subfield>
    <subfield code="r">2026-04-07 15:59:33</subfield>
    <subfield code="w">2026-04-07</subfield>
    <subfield code="y">L</subfield>
  </datafield>
</record>
